00946nas a2200229Ia 4500001001100000003000900011008004100020040001300061040001300074041001300087100004300100210001100143222001100154245012000165250001100285260002700296501008600323300002000409362003700429500021100466650003900677R706/E4478IT-RoPAU151124c99999999xx |||||||||||| ||und|| aIT-RoPAU cIT-RoPAU aITALIANO aMarconi LucagCodice Aut. SPICS: 13914 aVERSUS aVersus aVERSUS, N.068/069 (MAGGIO/DICEMBRE 1994)bInsegnare la Teoria A Partire Dall'Ascolto: la Semiotica Degli Intervalli a1a ed. aMILANObBOMPIANIc1994 bPaulus - SPICS - Società San Paolo EM (non-commercial uses only)cCopyright2015 a12 p. [113-124] aN.068/069 (MAGGIO/DICEMBRE 1994) aScelta del Percorso. Semiotica degli Intervalli: Pertinenze e Correlazioni, Prova di Commutazione. Dall'Esperienza Alla Teoria: Ascolto e Verbalizzazione, Ascolto Sincretico e Analitico. Approcci Musicali. aSEMIOTICAvPUBBLICAZIONE PERIODICA